00682nam a2200241Ia 450000500170000000800410001702000150005808200210007324500360009426000390013030000160016965000130018565000200019865000210021865000140023965000190025365000130027265000190028570000180030494200060032295200970032899900150042520250210041418.0240331s9999 xx 000 0 und d a0415046998 bGUN22036a305.4 0aA Reader in Feminist Knowledge  aNew York;aLondonbRoutledgec1991 axi, 414 p., aFeminism aWomen's Studies aRadical Feminism aSocialism aPostmodernism  aReligion aPsychoanalysis aGunew, Seedt cL 001040708LaWERCLbWERCLcSSCd2024-03-31l0o 305.4 REAp2036r2024-03-31w2024-03-31yL c1587d1587